| 000 | 00786cam a2200241 4500 | ||
|---|---|---|---|
| 001 | M100892 | ||
| 008 | 000000n1999 000 0 eng u | ||
| 020 | _a1902375300 | ||
| 035 | _a(Sirsi) u100892 | ||
| 041 | _aENG | ||
| 100 | _aBatts, Greg | ||
| 245 | 3 | _aAn essential guide to ISO14001 | |
| 260 |
_aOxford _bChandos Publishing (Oxford) Limited _c1999 |
||
| 300 | _ax,114p. ; 28cm. | ||
| 350 | _a49.95 | ||
| 520 | _aA practical guide to meeting the international environmental management standard ISO 14001, which illustrates how to organise an EMS to attain registration. | ||
| 650 | _aENVIRONMENTAL MANAGEMENT SYSTEMS | ||
| 650 | _aISO 14001: 1996 | ||
| 650 | _aEMAS | ||
| 650 | _aENVIRONMENTAL STANDARDS | ||
| 690 | _aENVIRONMENTAL AND LAND CONSULTANCY | ||
| 942 | _n0 | ||
| 999 |
_c99904 _d99904 |
||